| 000 | 01642nam a2200433 i 4500 | ||
|---|---|---|---|
| 001 | 196975 | ||
| 003 | ES-MaACL | ||
| 005 | 20250819063115.0 | ||
| 008 | 250128s2019 sp a | ||||o001 0 ita | ||
| 015 | _aMON19 | ||
| 017 |
_aM 21688-2019 _bOficina Depósito Legal Madrid |
||
| 020 | _a9788484803492 | ||
| 024 | 7 |
_a 829-19-032-1 _2nipo |
|
| 035 | _a(OCoLC)1126418341 | ||
| 035 | _a(SpMaBN)a6592290 | ||
| 040 |
_aSpMaBN _bspa _cSpMaBN _erda |
||
| 080 | _a75:069(460.271)(036) | ||
| 110 | 2 |
_aMuseo Nacional del Prado _9160001 _epbl |
|
| 240 | 1 | 3 |
_aLa guía del Prado _lItaliano |
| 245 | 1 | 3 |
_aLa guida del Prado / _cautori, Alberto Pancorbo [y otros seis] ; traduzione, Massimo Mattera. |
| 250 | _aSexta edición revisada 2019 | ||
| 264 | 1 |
_a[Madrid] : _bMuseo Nacional del Prado, _c[2019]. |
|
| 300 |
_a478 páginas : _bilustraciones (color) ; _c24 cm. |
||
| 336 |
_aTexto _aImagen fija _2rdacontent |
||
| 337 |
_asin mediación _2rdamedia |
||
| 338 |
_avolumen _2rdacarrier |
||
| 500 | _aÍndice | ||
| 610 | 2 | 7 |
_aMuseo Nacional del Prado- _vGuías turísticas _9166678 |
| 655 | 7 |
_aGuías turísticas _2tgfbne _9226848 |
|
| 700 | 1 |
_aPancorbo, Alberto, _d1956- _9239709 _eaut |
|
| 700 | 1 |
_aMattera, Massimo _etrl _9241818 |
|
| 852 |
_aES-MaACL _cDEPOJ _jN-10445 _hDonación: José Lázaro García _xEncuadernación rústica _9206568 |
||
| 903 |
_9234219 _aLázaro García, José _ednr |
||
| 942 |
_cMONOGRAFIA _n0 |
||
| 999 |
_c196975 _d196975 |
||